[Event "ROM-ch U12"]
[Site "Calimanesti Caciulata"]
[Date "2019.04.20"]
[Round "7"]
[White "Rosu, Mihai Radu"]
[Black "Frent, Cristian Ioan"]
[Result "1-0"]
[WhiteElo "1056"]
[BlackElo "1054"]
[PlyCount "33"]
[EventDate "2019.04.15"]
[EventType "swiss"]
[EventRounds "9"]
[EventCountry "ROU"]
[SourceTitle "CBM 190 Extra"]
[Source "ChessBase"]
[SourceDate "2019.07.15"]
[SourceVersion "1"]
[SourceVersionDate "2019.07.15"]
[SourceQuality "1"]

1. e4 Nc6 2. Nf3 e5 3. d4 exd4 4. Nxd4 Nf6 5. Nc3 d5 6. exd5 Nxd5 7. Nxc6 bxc6 8. Bc4 Nxc3 9. Bxf7+ Ke7 10. Bg5+ Kxf7 11. Qxd8 Ne4 12. Qxc7+ Ke8 13. Qxc6+ Kf7 14. Qxe4 Ba6 15. Qf5+ Ke8 16. Qe6+ Be7 17. Qxe7# 1-0

[Event "ROM-ch U12"]
[Site "Calimanesti Caciulata"]
[Date "2019.04.19"]
[Round "6"]
[White "Frent, Cristian Ioan"]
[Black "Ruse, Vlad Marian"]
[Result "0-1"]
[WhiteElo "1054"]
[BlackElo "1130"]
[PlyCount "81"]
[EventDate "2019.04.15"]
[EventType "swiss"]
[EventRounds "9"]
[EventCountry "ROU"]
[SourceTitle "CBM 190 Extra"]
[Source "ChessBase"]
[SourceDate "2019.07.15"]
[SourceVersion "1"]
[SourceVersionDate "2019.07.15"]
[SourceQuality "1"]

1. e4 e6 2. Nf3 d5 3. Nc3 dxe4 4. Nxe4 Nf6 5. Nc3 Be7 6. Bc4 0-0 7. 0-0 b6 8. d4 Bb7 9. Bf4 Na6 10. Qd3 Qc8 11. a3 c5 12. Be5 Rd8 13. Ng5 g6 14. Rae1 Ng4 15. Bf4 Rxd4 16. Qh3 Bxg5 17. Bxg5 Rxc4 18. f3 Nxh2 19. Kxh2 Qc7+ 20. g3 b5 21. Bf6 h5 22. Kg2 b4 23. axb4 cxb4 24. b3 Rxc3 25. g4 Rxc2+ 26. Rf2 Rxf2+ 27. Kxf2 Qc2+ 28. Re2 Qc5+ 29. Re3 Nc7 30. Qh4 Nd5 31. Qg5 Qxe3+ 32. Qxe3 Nxe3 33. Kxe3 hxg4 34. fxg4 Bd5 35. Kd3 Bxb3 36. Ke4 Bd5+ 37. Ke5 a5 38. g5 b3 39. Kd6 a4 40. Kc5 a3 41. Bb2 0-1

[Event "ROM-ch U12"]
[Site "Calimanesti Caciulata"]
[Date "2019.04.17"]
[Round "3"]
[White "Frent, Cristian Ioan"]
[Black "Dumitrescu Baranga, Andrei"]
[Result "1-0"]
[WhiteElo "1054"]
[BlackElo "1001"]
[PlyCount "45"]
[EventDate "2019.04.15"]
[EventType "swiss"]
[EventRounds "9"]
[EventCountry "ROU"]
[SourceTitle "CBM 190 Extra"]
[Source "ChessBase"]
[SourceDate "2019.07.15"]
[SourceVersion "1"]
[SourceVersionDate "2019.07.15"]
[SourceQuality "1"]

1. e4 e5 2. Nf3 Nc6 3. Nc3 d6 4. d4 Be7 5. h4 Bg4 6. Be2 exd4 7. Nxd4 Bf6 8. Nxc6 bxc6 9. Bxg4 Nh6 10. Bf3 0-0 11. g3 Rb8 12. 0-0 c5 13. Qe1 Rb4 14. Rb1 a5 15. a3 Rb6 16. Nd5 Rb7 17. Qxa5 Qc8 18. b3 Bd8 19. Qc3 Qh3 20. Bb2 Bf6 21. Nxf6+ gxf6 22. Qxf6 c6 23. Qg7# 1-0

[Event "ROM-ch U12"]
[Site "Calimanesti Caciulata"]
[Date "2019.04.15"]
[Round "1"]
[White "Ancuta, Eduard Gabriel"]
[Black "Frent, Cristian Ioan"]
[Result "1-0"]
[WhiteElo "1443"]
[BlackElo "1054"]
[PlyCount "73"]
[EventDate "2019.04.15"]
[EventType "swiss"]
[EventRounds "9"]
[EventCountry "ROU"]
[SourceTitle "CBM 190 Extra"]
[Source "ChessBase"]
[SourceDate "2019.07.15"]
[SourceVersion "1"]
[SourceVersionDate "2019.07.15"]
[SourceQuality "1"]

1. e4 e5 2. Nf3 Nc6 3. Bc4 Nf6 4. d3 d5 5. exd5 Nxd5 6. c3 Bg4 7. h3 Bxf3 8. Qxf3 Nf4 9. 0-0 Ne6 10. Re1 Qd6 11. Nd2 f6 12. Ne4 Qd7 13. Ng3 0-0-0 14. a4 a5 15. Bd2 Ng5 16. Bxg5 fxg5 17. Bb5 Bc5 18. Bxc6 bxc6 19. Rxe5 Be7 20. Rae1 Bf6 21. Rxa5 Qxd3 22. Qxd3 Rxd3 23. Ra8+ Kb7 24. Rxh8 h6 25. Ne4 Kb6 26. Nxf6 Rd2 27. b4 c5 28. Re6+ Kb7 29. b5 Rd6 30. Rxd6 cxd6 31. a5 gxf6 32. Rh7+ Kc8 33. c4 d5 34. a6 Kb8 35. cxd5 c4 36. d6 Kc8 37. d7+ 1-0